LEADER 01232cam0-2200373---450 001 990005565450403321 005 20251216152334.0 035 $a000556545 035 $aFED01000556545 035 $a(Aleph)000556545FED01 035 $a000556545 100 $a19990604d1940----km-y0itay50------ba 101 0 $afre 102 $aFR 105 $af-------001yy 200 1 $a<>société féodale$eles classes et le gouvernement des hommes$fMarc Bloch 210 $aParis$cAlbin Michel$d1940 215 $aXVII, 287 p.$c8 fogli di tavole$d20 cm 225 1 $a<>évolution de l'humanité$h2. Sect. 2.$i<>effondrement de l'empire et l'affaiblissement de l'idée monarchique$v4 bis 225 1 $a<>évolution de l'humanité$iSynthèse collective$v34 bis 320 $aBibliografia: p. 261-274 610 0 $aFeudalesimo 676 $a940.14$v22$zita 676 $a321.3$v22$zita 700 1$aBloch,$bMarc$f<1886-1944>$036100 801 0$aIT$bUNINA$gRICA$2UNIMARC 901 $aBK 912 $a990005565450403321 952 $a909.07 BLOM 11$bBIBL. 16162$fFLFBC 952 $aXXI COLLEZIONE 14 (34 bis)$b42162$fFGBC 959 $aFGBC 959 $aFLFBC 996 $aSociete feodale$913132 997 $aUNINA